[Event "NB I. Maroczy csoport"]
[Site "Berente"]
[Date "2024.03.10"]
[Round "8.7"]
[White "Brandics, Jozsef"]
[Black "Kovacs, Apollo"]
[Result "1-0"]
[WhiteElo "2162"]
[BlackElo "2160"]
[PlyCount "77"]
[EventDate "2023.10.08"]
[EventType "team-tourn"]
[EventRounds "11"]
[EventCountry "HUN"]
[Source "chess.hu"]
[WhiteTeam "Neumann J. Egyetem"]
[BlackTeam "Pitypalatty Sakk SE"]
[WhiteTeamCountry "HUN"]
[BlackTeamCountry "HUN"]

1. d4 Nf6 2. Bg5 e6 3. e4 h6 4. Bxf6 Qxf6 5. e5 Qd8 6. Nf3 d6 7. Bd3 Nd7 8. O-O
Be7 9. Qe2 d5 10. c3 c5 11. Nbd2 O-O 12. dxc5 Nxc5 13. Bc2 b6 14. Nd4 Ba6 15.
Nb5 Qd7 16. a4 Rac8 17. Nf3 Qb7 18. Nfd4 Nd7 19. Qd3 g6 20. Qg3 Kh7 21. Nxe6
Rg8 22. Ned4 Bc5 23. Bd3 Rce8 24. Rae1 Nf8 25. h4 Ne6 26. Nxe6 Rxe6 27. b4 Bxb5
28. axb5 Be7 29. Qf3 Kg7 30. c4 Bxb4 31. cxd5 Bxe1 32. Rxe1 Ree8 33. h5 Qe7 34.
hxg6 fxg6 35. Qe4 Qg5 36. Re3 Kh8 37. e6 Rg7 38. d6 Qd8 39. Qc6 1-0

[Event "NB I. Maroczy csoport"]
[Site "Berente"]
[Date "2024.03.10"]
[Round "8.8"]
[White "Eberth, Zoltan Bela"]
[Black "Csvila, Gabor"]
[Result "0-1"]
[WhiteElo "1980"]
[BlackElo "2142"]
[PlyCount "108"]
[EventDate "2023.10.08"]
[EventType "team-tourn"]
[EventRounds "11"]
[EventCountry "HUN"]
[Source "chess.hu"]
[WhiteTeam "Pitypalatty Sakk SE"]
[BlackTeam "Neumann J. Egyetem"]
[WhiteTeamCountry "HUN"]
[BlackTeamCountry "HUN"]

1. e4 c5 2. Nf3 d6 3. d4 cxd4 4. Nxd4 Nf6 5. Nc3 g6 6. Be3 Bg7 7. f3 a6 8. Qd2
h5 9. O-O-O b5 10. h3 Bb7 11. Be2 h4 12. Qe1 Nbd7 13. g4 Rc8 14. g5 Nh5 15. Nd5
Ng3 16. Rg1 Nxe2+ 17. Qxe2 e6 18. Nf5 gxf5 19. exf5 Bxd5 20. Rxd5 Qc7 21. fxe6
fxe6 22. Bd4 Ne5 23. Bxe5 dxe5 24. Rd2 Qc4 25. Qe4 Qxe4 26. fxe4 Rd8 27. Rg4
Rxd2 28. Kxd2 Kf7 29. Kc3 Rc8+ 30. Kb3 Kg6 31. Rxh4 Kxg5 32. Rg4+ Kf6 33. c3
Bh6 34. a4 Bf4 35. axb5 axb5 36. Rg2 Rc4 37. Re2 Kg5 38. Rg2+ Kh4 39. Rg8 Kxh3
40. Rb8 Rxe4 41. Rxb5 Re2 42. Rb6 e4 43. Rxe6 Kg3 44. Kc4 Kf3 45. b4 Rd2 46. b5
e3 47. b6 e2 48. b7 Rb2 49. Re7 Be3 50. Rf7+ Kg4 51. Rg7+ Kf5 52. Rg2 Bf4 53.
Rg1 Ke4 54. Re1 Ke3 0-1

[Event "NB I. Maroczy csoport"]
[Site "Berente"]
[Date "2024.03.10"]
[Round "8.9"]
[White "Csala, Imre"]
[Black "Mizik, Zsolt"]
[Result "1/2-1/2"]
[WhiteElo "1983"]
[BlackElo "1989"]
[PlyCount "37"]
[EventDate "2023.10.08"]
[EventType "team-tourn"]
[EventRounds "11"]
[EventCountry "HUN"]
[Source "chess.hu"]
[WhiteTeam "Neumann J. Egyetem"]
[BlackTeam "Pitypalatty Sakk SE"]
[WhiteTeamCountry "HUN"]
[BlackTeamCountry "HUN"]

1. d4 d5 2. c4 e6 3. Nc3 Nf6 4. Nf3 Be7 5. Bg5 h6 6. Bxf6 Bxf6 7. cxd5 exd5 8.
Qb3 c6 9. e3 O-O 10. Bd3 Re8 11. O-O Qb6 12. h3 Be6 13. Rfc1 Nd7 14. Na4 Qxb3
15. axb3 Be7 16. Nc5 Nxc5 17. dxc5 a6 18. Ra4 Rad8 19. Nd4 1/2-1/2

[Event "NB I. Maroczy csoport"]
[Site "Berente"]
[Date "2024.03.10"]
[Round "8.10"]
[White "Barabas, Tibor"]
[Black "Panda, Barnabas"]
[Result "0-1"]
[WhiteElo "1936"]
[BlackElo "2066"]
[PlyCount "46"]
[EventDate "2023.10.08"]
[EventType "team-tourn"]
[EventRounds "11"]
[EventCountry "HUN"]
[Source "chess.hu"]
[WhiteTeam "Pitypalatty Sakk SE"]
[BlackTeam "Neumann J. Egyetem"]
[WhiteTeamCountry "HUN"]
[BlackTeamCountry "HUN"]

1. e4 c5 2. Nf3 e6 3. d4 cxd4 4. Nxd4 a6 5. c4 Nf6 6. Nc3 Bb4 7. Bd3 Nc6 8.
Nxc6 dxc6 9. Qc2 e5 10. a3 Bc5 11. h3 a5 12. Qe2 Be6 13. Be3 Bxe3 14. Qxe3 O-O
15. Rd1 Qe7 16. Na4 Rad8 17. Qb6 Rd4 18. Qc5 Qd8 19. Ke2 Nxe4 20. Bxe4 Rxe4+
21. Kf3 Rf4+ 22. Kg3 Qg5+ 23. Kh2 Rxc4 0-1

[Event "NB I. Maroczy csoport"]
[Site "Berente"]
[Date "2024.03.10"]
[Round "8.11"]
[White "Lehocz, Jozsef"]
[Black "Farkas, Csaba"]
[Result "0-1"]
[WhiteElo "1999"]
[BlackElo "1972"]
[PlyCount "30"]
[EventDate "2023.10.08"]
[EventType "team-tourn"]
[EventRounds "11"]
[EventCountry "HUN"]
[Source "chess.hu"]
[WhiteTeam "Neumann J. Egyetem"]
[BlackTeam "Pitypalatty Sakk SE"]
[WhiteTeamCountry "HUN"]
[BlackTeamCountry "HUN"]

1. d4 Nf6 2. Nc3 d5 3. Bf4 c6 4. Nf3 Qb6 5. Rb1 g6 6. Qd2 Bf5 7. Ne5 Bg7 8. f3
h5 9. e3 O-O 10. h3 Nbd7 11. g4 Be6 12. Bd3 Rac8 13. Rg1 hxg4 14. hxg4 Nxe5 15.
Na4 Nxf3+ 0-1

[Event "NB I. Maroczy csoport"]
[Site "Berente"]
[Date "2024.03.10"]
[Round "8.12"]
[White "Kiss, Eniko"]
[Black "Balazs-Szalai, Renata"]
[Result "1/2-1/2"]
[WhiteElo "1790"]
[BlackElo "1922"]
[PlyCount "39"]
[EventDate "2023.10.08"]
[EventType "team-tourn"]
[EventRounds "11"]
[EventCountry "HUN"]
[Source "chess.hu"]
[WhiteTeam "Pitypalatty Sakk SE"]
[BlackTeam "Neumann J. Egyetem"]
[WhiteTeamCountry "HUN"]
[BlackTeamCountry "HUN"]

1. c4 c6 2. e4 d5 3. exd5 cxd5 4. d4 Nf6 5. Nc3 Nc6 6. Nf3 e6 7. Bg5 Be7 8. Ne5
dxc4 9. Nxc6 bxc6 10. Bxc4 Nd5 11. Bxe7 Qxe7 12. O-O O-O 13. Rc1 Qb4 14. Qb3
Rb8 15. Ne4 a5 16. Nc5 Rd8 17. Rfd1 h6 18. g3 Ne7 19. g4 Nd5 20. Rc2 1/2-1/2

[Event "NB I. Maroczy csoport"]
[Site "Budapest"]
[Date "2024.03.10"]
[Round "8.1"]
[White "Paschall, William"]
[Black "Furedi, Erik"]
[Result "0-1"]
[WhiteElo "2331"]
[BlackElo "2261"]
[PlyCount "80"]
[EventDate "2023.10.08"]
[EventType "team-tourn"]
[EventRounds "11"]
[EventCountry "HUN"]
[Source "chess.hu"]
[WhiteTeam "Dr.  Hetenyi Geza SK"]
[BlackTeam "Vasas SC"]
[WhiteTeamCountry "HUN"]
[BlackTeamCountry "HUN"]

1. Nf3 f5 2. g3 Nf6 3. Bg2 d6 4. d4 g6 5. O-O Bg7 6. c4 O-O 7. Nc3 c6 8. d5 e5
9. dxe6 Bxe6 10. b3 Qe7 11. Bb2 Na6 12. Qc2 d5 13. cxd5 Nb4 14. Qd2 Rad8 15.
Nd4 Nfxd5 16. Rad1 Nb6 17. Qe3 Bxd4 18. Rxd4 Nc2 19. Rxd8 Nxe3 20. Rxf8+ Qxf8
21. fxe3 Qc5 22. Kf2 Nd5 23. Bxd5 Bxd5 24. Rd1 Qa5 25. Rd4 a6 26. h4 Be6 27. e4
f4 28. gxf4 Qh5 29. Ke3 Qxh4 30. e5 c5 31. Re4 Qe1 32. b4 h5 33. bxc5 Qg1+ 34.
Kd2 h4 35. f5 gxf5 36. Re3 f4 37. Rf3 h3 38. Ne4 h2 39. Rxf4 h1=Q 40. Nf6+ Kh8
0-1

[Event "NB I. Maroczy csoport"]
[Site "Budapest"]
[Date "2024.03.10"]
[Round "8.2"]
[White "Torok, Sandor"]
[Black "Issa, Rafat"]
[Result "0-1"]
[WhiteElo "2214"]
[BlackElo "2330"]
[PlyCount "61"]
[EventDate "2023.10.08"]
[EventType "team-tourn"]
[EventRounds "11"]
[EventCountry "HUN"]
[Source "chess.hu"]
[WhiteTeam "Vasas SC"]
[BlackTeam "Dr.  Hetenyi Geza SK"]
[WhiteTeamCountry "HUN"]
[BlackTeamCountry "HUN"]

1. d4 Nf6 2. Nf3 g6 3. c4 Bg7 4. Nc3 d5 5. cxd5 Nxd5 6. e4 Nxc3 7. bxc3 O-O 8.
Ba3 c5 9. Bxc5 Nc6 10. Be2 Qa5 11. Qb3 b6 12. Bb4 Nxb4 13. cxb4 Qh5 14. O-O Bb7
15. Qe3 Bh6 16. Qd3 Qg4 17. d5 f5 18. exf5 Qxf5 19. Rad1 Qxd3 20. Bxd3 Bxd5 21.
Rfe1 Bxa2 22. Be4 Rad8 23. Ra1 Bd5 24. Bxd5+ Rxd5 25. Rxa7 Rf7 26. Ne5 Bd2 27.
Nxf7 Bxe1 28. Rxe7 Bxb4 29. Nh6+ Kh8 30. Nf7+ Kg7 31. Ng5+ 0-1

[Event "NB I. Maroczy csoport"]
[Site "Budapest"]
[Date "2024.03.10"]
[Round "8.4"]
[White "Jacso, Adam Dr"]
[Black "Kormos, Adam"]
[Result "1-0"]
[WhiteElo "2208"]
[BlackElo "2161"]
[PlyCount "79"]
[EventDate "2023.10.08"]
[EventType "team-tourn"]
[EventRounds "11"]
[EventCountry "HUN"]
[Source "chess.hu"]
[WhiteTeam "Vasas SC"]
[BlackTeam "Dr.  Hetenyi Geza SK"]
[WhiteTeamCountry "HUN"]
[BlackTeamCountry "HUN"]

1. d4 d6 2. c4 e5 3. Nf3 e4 4. Ng5 f5 5. Nc3 Nf6 6. g3 Be7 7. h4 Nc6 8. d5 Ne5
9. b3 O-O 10. Bg2 Nfg4 11. f3 exf3 12. exf3 Nf6 13. O-O c6 14. dxc6 bxc6 15.
Nh3 d5 16. Re1 Bb4 17. Bd2 dxc4 18. Qc2 Qd3 19. Qxd3 Nxd3 20. Red1 Rd8 21. Na4
Be6 22. Bxb4 Nxb4 23. Nc5 Bf7 24. Ng5 c3 25. Rdc1 Rd2 26. Rxc3 Nfd5 27. Rcc1
Nxa2 28. Re1 Rc2 29. Nd3 Ndb4 30. Nxb4 Nxb4 31. Re7 Bg6 32. Raxa7 Rxa7 33. Rxa7
Re2 34. Bf1 Re8 35. Bc4+ Nd5 36. Ra6 h6 37. Rxc6 hxg5 38. Rxg6 Kh7 39. Rxg5 Nf6
40. Rxf5 1-0

[Event "NB I. Maroczy csoport"]
[Site "Budapest"]
[Date "2024.03.10"]
[Round "8.5"]
[White "Dory, Jeno"]
[Black "Boguszlavszkij, Jevgenyij"]
[Result "1/2-1/2"]
[WhiteElo "2183"]
[BlackElo "2059"]
[PlyCount "37"]
[EventDate "2023.10.08"]
[EventType "team-tourn"]
[EventRounds "11"]
[EventCountry "HUN"]
[Source "chess.hu"]
[WhiteTeam "Dr.  Hetenyi Geza SK"]
[BlackTeam "Vasas SC"]
[WhiteTeamCountry "HUN"]
[BlackTeamCountry "HUN"]

1. e4 c6 2. d4 d5 3. exd5 cxd5 4. c4 Nf6 5. Nc3 Nbd7 6. Nf3 dxc4 7. Bxc4 Nb6 8.
Bb3 e6 9. O-O Be7 10. Re1 O-O 11. Bg5 h6 12. Bh4 Bd7 13. Ne5 Bc6 14. Qd2 Bd5
15. Bc2 Ne4 16. Rxe4 Bxh4 17. Re2 Re8 18. Rae1 Qg5 19. g3 1/2-1/2

[Event "NB I. Maroczy csoport"]
[Site "Budapest"]
[Date "2024.03.10"]
[Round "8.8"]
[White "Havasi, Janos"]
[Black "Pervai, Laszlo"]
[Result "1/2-1/2"]
[WhiteElo "1999"]
[BlackElo "1977"]
[PlyCount "47"]
[EventDate "2023.10.08"]
[EventType "team-tourn"]
[EventRounds "11"]
[EventCountry "HUN"]
[Source "chess.hu"]
[WhiteTeam "Vasas SC"]
[BlackTeam "Dr.  Hetenyi Geza SK"]
[WhiteTeamCountry "HUN"]
[BlackTeamCountry "HUN"]

1. e4 c5 2. Nc3 Nc6 3. g3 g6 4. Bg2 Bg7 5. d3 e6 6. Be3 Nd4 7. Qd2 Ne7 8. Nd1
d6 9. c3 Ndc6 10. Bh6 Bxh6 11. Qxh6 Qa5 12. Qd2 d5 13. Ne2 Bd7 14. O-O O-O-O
15. Ne3 dxe4 16. dxe4 e5 17. Qc2 Be6 18. b3 Rd7 19. Rad1 Rhd8 20. Rxd7 Rxd7 21.
Nc1 Qd8 22. Rd1 Rxd1+ 23. Qxd1 Qxd1+ 24. Nxd1 1/2-1/2

[Event "NB I. Maroczy csoport"]
[Site "Budapest"]
[Date "2024.03.10"]
[Round "8.9"]
[White "Kormos, Andras"]
[Black "Pesztericz, Laszlo"]
[Result "1/2-1/2"]
[WhiteElo "2075"]
[BlackElo "2050"]
[PlyCount "131"]
[EventDate "2023.10.08"]
[EventType "team-tourn"]
[EventRounds "11"]
[EventCountry "HUN"]
[Source "chess.hu"]
[WhiteTeam "Dr.  Hetenyi Geza SK"]
[BlackTeam "Vasas SC"]
[WhiteTeamCountry "HUN"]
[BlackTeamCountry "HUN"]

1. c4 Nf6 2. Nf3 g6 3. b3 Bg7 4. Bb2 d6 5. d4 O-O 6. g3 Nbd7 7. Bg2 c6 8. O-O
Qc7 9. Nc3 Re8 10. e4 e5 11. h3 Nf8 12. Re1 Ne6 13. d5 Nf8 14. dxc6 bxc6 15.
Qd2 Ba6 16. Rad1 Rad8 17. Ba3 c5 18. Bc1 Ne6 19. Qb2 Nd4 20. Bg5 Bb7 21. Qd2 a6
22. Nh2 Rb8 23. Nf1 Nd7 24. Ne3 f6 25. Ned5 Qd8 26. Be3 Nb6 27. Nxb6 Qxb6 28.
f4 Re7 29. fxe5 fxe5 30. Rf1 Rf7 31. Rxf7 Kxf7 32. Rf1+ Kg8 33. Nd5 Bxd5 34.
exd5 Qc7 35. Be4 Rf8 36. Rxf8+ Bxf8 37. Kg2 Be7 38. Bd3 Bd8 39. h4 Qd7 40. Qd1
Nf5 41. Bd2 h5 42. a3 a5 43. Qb1 Kg7 44. Be2 Nd4 45. Bd1 Qf5 46. Qxf5 Nxf5 47.
Kf3 Nd4+ 48. Ke4 Nf5 49. Be1 Nd4 50. b4 axb4 51. axb4 cxb4 52. Bxb4 Nf5 53. Be1
Bb6 54. Be2 Kf6 55. g4 hxg4 56. Bxg4 Bc5 57. Ba5 Ng3+ 58. Kf3 Nf5 59. Bd8+ Kg7
60. Bg5 Nd4+ 61. Ke4 Ba3 62. Be3 Bc5 63. Bd1 Kf7 64. h5 gxh5 65. Bxh5+ Kf6 66.
Bxd4 1/2-1/2

[Event "NB I. Maroczy csoport"]
[Site "Budapest"]
[Date "2024.03.10"]
[Round "8.11"]
[White "Novaky, Csaba"]
[Black "Szabo, Kristof"]
[Result "1-0"]
[WhiteElo "2065"]
[BlackElo "2123"]
[PlyCount "107"]
[EventDate "2023.10.08"]
[EventType "team-tourn"]
[EventRounds "11"]
[EventCountry "HUN"]
[Source "chess.hu"]
[WhiteTeam "Dr.  Hetenyi Geza SK"]
[BlackTeam "Vasas SC"]
[WhiteTeamCountry "HUN"]
[BlackTeamCountry "HUN"]

1. e4 e5 2. Nf3 Nc6 3. Bc4 Bc5 4. c3 Nf6 5. d4 exd4 6. cxd4 Bb4+ 7. Nc3 Nxe4 8.
O-O Bxc3 9. d5 Ne5 10. bxc3 Nxc4 11. Qd4 O-O 12. Qxe4 b5 13. d6 c6 14. Bg5 f6
15. Bf4 Re8 16. Qf5 g6 17. Qc2 Bb7 18. a4 Qb6 19. h4 Qc5 20. Rfd1 Qh5 21. Bg3
a6 22. Re1 c5 23. axb5 axb5 24. Rxa8 Rxa8 25. Qe2 Qd5 26. Qe7 Qf5 27. h5 gxh5
28. Nh4 Qg4 29. Qxf6 Rf8 30. Qh6 Bd5 31. Re7 Bf7 32. Nf3 Qf5 33. Be5 Qb1+ 34.
Kh2 Qg6 35. Qxg6+ hxg6 36. Rxd7 b4 37. cxb4 cxb4 38. Rb7 b3 39. d7 Bd5 40. Rc7
Nxe5 41. Nxe5 Be6 42. Nxg6 Rd8 43. Ne5 Kg7 44. Kg3 Kf6 45. Kf4 Rf8 46. Rb7 Bd5
47. Rb6+ Ke7+ 48. Ke3 Rg8 49. g3 Be6 50. Kd4 Ra8 51. f4 Bg8 52. f5 Kd8 53. Rb7
Ra4+ 54. Kc3 1-0

[Event "NB I. Maroczy csoport"]
[Site "Budapest"]
[Date "2024.03.10"]
[Round "8.12"]
[White "Harkanyi, Gergely"]
[Black "Gelle, Istvan"]
[Result "0-1"]
[WhiteElo "1951"]
[BlackElo "2170"]
[PlyCount "66"]
[EventDate "2023.10.08"]
[EventType "team-tourn"]
[EventRounds "11"]
[EventCountry "HUN"]
[Source "chess.hu"]
[WhiteTeam "Vasas SC"]
[BlackTeam "Dr.  Hetenyi Geza SK"]
[WhiteTeamCountry "HUN"]
[BlackTeamCountry "HUN"]

1. e4 c6 2. Nf3 d5 3. Nc3 dxe4 4. Nxe4 Nf6 5. Qe2 Nxe4 6. Qxe4 Qa5 7. b4 Qf5 8.
Qe3 Nd7 9. c4 e6 10. Bd3 Qh5 11. Rb1 a5 12. b5 Bc5 13. Qg5 Qxg5 14. Nxg5 Nf6
15. Bb2 cxb5 16. Bxf6 gxf6 17. Rxb5 b6 18. Ne4 Ba6 19. Rb1 Bd4 20. Ke2 Ke7 21.
Rhc1 Rhd8 22. Nc3 Rac8 23. Nb5 Bc5 24. Be4 f5 25. Bf3 Rd7 26. d3 Rcd8 27. Rd1
Kf6 28. Bc6 Re7 29. Bf3 Ke5 30. a4 f4 31. Kd2 Bxf2 32. Kc3 f5 33. Rb2 Be3 0-1

[Event "NB I. Maroczy csoport"]
[Site "Kisujszallas"]
[Date "2024.03.10"]
[Round "8.1"]
[White "Hajnal, Zoltan"]
[Black "Berebora, Ferenc"]
[Result "1/2-1/2"]
[WhiteElo "2337"]
[BlackElo "2394"]
[PlyCount "30"]
[EventDate "2023.10.08"]
[EventType "team-tourn"]
[EventRounds "11"]
[EventCountry "HUN"]
[Source "chess.hu"]
[WhiteTeam "DVTK I."]
[BlackTeam "Kumania-Kisujszallas"]
[WhiteTeamCountry "HUN"]
[BlackTeamCountry "HUN"]

1. e4 e5 2. Nf3 Nc6 3. Bb5 a6 4. Ba4 Nf6 5. O-O Be7 6. Bxc6 dxc6 7. d3 Nd7 8.
Nbd2 O-O 9. Nc4 f6 10. h3 Re8 11. Nh2 Nf8 12. f4 exf4 13. Bxf4 Be6 14. b3 Bc5+
15. Be3 Bd4 1/2-1/2

[Event "NB I. Maroczy csoport"]
[Site "Kisujszallas"]
[Date "2024.03.10"]
[Round "8.2"]
[White "Balla, Tamas-Kristof"]
[Black "Fule, Simon"]
[Result "1-0"]
[WhiteElo "2285"]
[BlackElo "2262"]
[PlyCount "127"]
[EventDate "2023.10.08"]
[EventType "team-tourn"]
[EventRounds "11"]
[EventCountry "HUN"]
[Source "chess.hu"]
[WhiteTeam "Kumania-Kisujszallas"]
[BlackTeam "DVTK I."]
[WhiteTeamCountry "HUN"]
[BlackTeamCountry "HUN"]

1. Nf3 Nf6 2. b3 g6 3. Bb2 Bg7 4. c4 O-O 5. d4 d6 6. g3 e5 7. dxe5 Nfd7 8. Bg2
Nxe5 9. Nc3 Nxf3+ 10. Bxf3 Nc6 11. O-O f5 12. Qd2 Be6 13. Rad1 Qf6 14. e3 Rab8
15. Bg2 Qf7 16. Nd5 Kh8 17. f4 a6 18. b4 Rfc8 19. Rc1 Ne7 20. Rfd1 Nxd5 21.
cxd5 Bd7 22. Bxg7+ Qxg7 23. Qc3 b6 24. Bf1 Ra8 25. Qxg7+ Kxg7 26. Rc3 Kf6 27.
Ra3 Bb5 28. Rc1 Bxf1 29. Kxf1 Ke7 30. Rac3 Kd7 31. h3 a5 32. b5 Ra7 33. g4 Re8
34. Kf2 a4 35. Rc4 Re7 36. Kf3 Kd8 37. a3 Ra5 38. Rb1 h5 39. gxf5 gxf5 40. e4
fxe4+ 41. Rxe4 Rf7 42. Re6 Kd7 43. Rh6 Ra8 44. Rxh5 Re8 45. Rc1 Rfe7 46. Rc4
Rg7 47. Rg5 Rh7 48. h4 Re1 49. h5 Rb1 50. Rxa4 Rxb5 51. Ra8 Ke7 52. Rc8 Rc5 53.
Kg4 Rc1 54. Rgg8 Rg1+ 55. Kf3 Rxg8 56. Rxc7+ Kf6 57. Rxh7 Ra8 58. Rd7 Rxa3+ 59.
Kg4 Rd3 60. h6 Rd1 61. Rxd6+ Ke7 62. h7 Rg1+ 63. Kf5 Rh1 64. Rxb6 1-0

[Event "NB I. Maroczy csoport"]
[Site "Kisujszallas"]
[Date "2024.03.10"]
[Round "8.3"]
[White "Turcsanyi, Vince Gergo"]
[Black "Meszaros, Gyula"]
[Result "1-0"]
[WhiteElo "2247"]
[BlackElo "2303"]
[PlyCount "69"]
[EventDate "2023.10.08"]
[EventType "team-tourn"]
[EventRounds "11"]
[EventCountry "HUN"]
[Source "chess.hu"]
[WhiteTeam "DVTK I."]
[BlackTeam "Kumania-Kisujszallas"]
[WhiteTeamCountry "HUN"]
[BlackTeamCountry "HUN"]

1. c4 c6 2. Nc3 d5 3. e3 Nf6 4. Nf3 a6 5. Be2 Bg4 6. Qb3 Ra7 7. d3 e6 8. e4
Bxf3 9. Bxf3 d4 10. Ne2 e5 11. O-O Nbd7 12. g3 Be7 13. Bg2 O-O 14. h3 a5 15. f4
Nc5 16. Qd1 Nfd7 17. Kh2 a4 18. Ng1 b5 19. cxb5 cxb5 20. Nf3 Qb8 21. fxe5 Ne6
22. Bf4 Rc7 23. Qd2 Rfc8 24. Rac1 Ndc5 25. h4 b4 26. Bh3 b3 27. Bxe6 fxe6 28.
a3 Nxe4 29. Qa5 Rc2+ 30. Rxc2 Rxc2+ 31. Kg1 Nc5 32. Nxd4 Bd8 33. Qb4 Bb6 34.
Be3 Qb7 35. Nxc2 1-0

[Event "NB I. Maroczy csoport"]
[Site "Kisujszallas"]
[Date "2024.03.10"]
[Round "8.4"]
[White "Egyed, Gabor"]
[Black "Gathi, Donat"]
[Result "0-1"]
[WhiteElo "2179"]
[BlackElo "2192"]
[PlyCount "104"]
[EventDate "2023.10.08"]
[EventType "team-tourn"]
[EventRounds "11"]
[EventCountry "HUN"]
[Source "chess.hu"]
[WhiteTeam "Kumania-Kisujszallas"]
[BlackTeam "DVTK I."]
[WhiteTeamCountry "HUN"]
[BlackTeamCountry "HUN"]

1. d4 Nf6 2. Nc3 d5 3. Bf4 e6 4. e3 Bb4 5. Bd3 O-O 6. Nge2 c5 7. dxc5 Bxc5 8.
h3 Nc6 9. Bh2 b6 10. Bb5 Bb7 11. Bxc6 Bxc6 12. Nd4 Bb7 13. Qd3 Re8 14. O-O-O e5
15. Nb3 Rc8 16. Nxc5 bxc5 17. Qb5 Qb6 18. Qxb6 axb6 19. Nb5 Ne4 20. f3 Nf2 21.
Nd6 Nxh1 22. Nxb7 Rc6 23. Rxh1 Re7 24. Rd1 Rxb7 25. Rxd5 f6 26. e4 Kf7 27. Bg1
Ke6 28. g4 Rd6 29. c4 Rxd5 30. exd5+ Kd6 31. a4 f5 32. Kd2 fxg4 33. hxg4 Rf7
34. Ke2 h5 35. g5 Rf5 36. Be3 h4 37. Bf2 h3 38. Bg3 Rxg5 39. Kf2 Rf5 40. Bh2 g5
41. Kg3 Rf4 42. b3 Rd4 43. Kxh3 Rd3 44. Kg4 Rxb3 45. Kf5 Rxf3+ 46. Ke4 Ra3 47.
Bxe5+ Kd7 48. Bb2 Rxa4 49. Kd3 Ra2 50. Be5 g4 51. Ke3 Ra4 52. Kd3 g3 0-1

[Event "NB I. Maroczy csoport"]
[Site "Kisujszallas"]
[Date "2024.03.10"]
[Round "8.5"]
[White "Zambo, Zoltan Istvan"]
[Black "Nagy, Attila N"]
[Result "1/2-1/2"]
[WhiteElo "2294"]
[BlackElo "2131"]
[PlyCount "117"]
[EventDate "2023.10.08"]
[EventType "team-tourn"]
[EventRounds "11"]
[EventCountry "HUN"]
[Source "chess.hu"]
[WhiteTeam "DVTK I."]
[BlackTeam "Kumania-Kisujszallas"]
[WhiteTeamCountry "HUN"]
[BlackTeamCountry "HUN"]

1. d4 Nf6 2. Nf3 g6 3. g3 c5 4. c3 b6 5. Bg2 Bb7 6. O-O Bg7 7. Qb3 cxd4 8. Ne5
d5 9. cxd4 O-O 10. Nc3 Nc6 11. Nxc6 Bxc6 12. Rd1 e6 13. a4 Qd7 14. a5 b5 15.
Na2 Ne4 16. Nb4 a6 17. Bf4 Rfc8 18. Rac1 Bb7 19. Be5 Bxe5 20. dxe5 Rxc1 21.
Rxc1 Nd2 22. Qc3 Nc4 23. Nd3 d4 24. Qb4 Bxg2 25. Kxg2 Qd5+ 26. Kg1 Nxe5 27. Nf4
Qd7 28. Qc5 Nc4 29. Rd1 Nxa5 30. Nh5 gxh5 31. Rxd4 Qc6 32. Qg5+ Kf8 33. Qh6+
Ke8 34. Qg5 Nb3 35. Rf4 Kf8 36. Qh6+ Ke8 37. Qg7 f5 38. Rf3 Nc5 39. Qh8+ Kd7
40. Qxh7+ Kc8 41. Rc3 b4 42. Rc1 Rb8 43. Rd1 Qc7 44. Qxh5 Kb7 45. Qh4 Ne4 46.
Rd4 Ka7 47. Qh6 Qb6 48. e3 Rb7 49. Qh8 Ng5 50. Rd8 Nf3+ 51. Kg2 Qc6 52. Ra8+
Kb6 53. Qd8+ Kb5 54. Rc8 Qe4 55. Qe8+ Kb6 56. Qd8+ Kb5 57. Qe8+ Kb6 58. Qd8+
Kb5 59. Qe8+ 1/2-1/2

[Event "NB I. Maroczy csoport"]
[Site "Kisujszallas"]
[Date "2024.03.10"]
[Round "8.6"]
[White "Muhari, Istvan"]
[Black "Horvath, Kristof"]
[Result "1/2-1/2"]
[WhiteElo "2134"]
[BlackElo "2117"]
[PlyCount "45"]
[EventDate "2023.10.08"]
[EventType "team-tourn"]
[EventRounds "11"]
[EventCountry "HUN"]
[Source "chess.hu"]
[WhiteTeam "Kumania-Kisujszallas"]
[BlackTeam "DVTK I."]
[WhiteTeamCountry "HUN"]
[BlackTeamCountry "HUN"]

1. e4 e5 2. Nf3 Nc6 3. Bc4 Nf6 4. d3 Be7 5. O-O O-O 6. Re1 d6 7. c3 Na5 8. Bb5
a6 9. Ba4 b5 10. Bc2 c5 11. d4 Qc7 12. h3 h6 13. Nbd2 cxd4 14. cxd4 Nc6 15. d5
Nb4 16. Bb1 a5 17. Nf1 Bd7 18. Be3 Rfc8 19. Qd2 Qd8 20. g4 Nh7 21. Ng3 Ng5 22.
Nxg5 Bxg5 23. a3 1/2-1/2

[Event "NB I. Maroczy csoport"]
[Site "Kisujszallas"]
[Date "2024.03.10"]
[Round "8.8"]
[White "Simonyi, Zoltan"]
[Black "Papp, Abel"]
[Result "1/2-1/2"]
[WhiteElo "2094"]
[BlackElo "2183"]
[PlyCount "34"]
[EventDate "2023.10.08"]
[EventType "team-tourn"]
[EventRounds "11"]
[EventCountry "HUN"]
[Source "chess.hu"]
[WhiteTeam "Kumania-Kisujszallas"]
[BlackTeam "DVTK I."]
[WhiteTeamCountry "HUN"]
[BlackTeamCountry "HUN"]

1. d4 d5 2. c4 c6 3. Nf3 Nf6 4. Qc2 a6 5. c5 Ne4 6. Nbd2 Bf5 7. Qb3 Qc8 8. Nxe4
Bxe4 9. Bf4 Nd7 10. Rc1 e6 11. Ne5 Nxe5 12. Bxe5 f6 13. Bg3 Be7 14. f3 Bg6 15.
e3 Bd8 16. Bd3 Be7 17. Kf2 O-O 1/2-1/2

[Event "NB I. Maroczy csoport"]
[Site "Kisujszallas"]
[Date "2024.03.10"]
[Round "8.9"]
[White "Kovacs, Tamas"]
[Black "Vranic, Ljubomir"]
[Result "1/2-1/2"]
[WhiteElo "2068"]
[BlackElo "2094"]
[PlyCount "85"]
[EventDate "2023.10.08"]
[EventType "team-tourn"]
[EventRounds "11"]
[EventCountry "HUN"]
[Source "chess.hu"]
[WhiteTeam "DVTK I."]
[BlackTeam "Kumania-Kisujszallas"]
[WhiteTeamCountry "HUN"]
[BlackTeamCountry "HUN"]

1. d4 Nf6 2. c4 d6 3. Nc3 Nbd7 4. e4 e5 5. d5 Be7 6. Bd3 O-O 7. Nge2 Ne8 8. Ng3
Nc5 9. Bc2 a5 10. h4 h6 11. Qh5 Nf6 12. Qe2 Nh7 13. Qh5 Nf6 14. Qe2 Bg4 15. f3
Nh5 16. Nxh5 Bxh5 17. Qf2 Bg6 18. g4 Na6 19. a3 f6 20. Be3 Be8 21. O-O-O Bd7
22. Rdg1 Kh8 23. Qd2 Rf7 24. Rg2 Nc5 25. Qe2 Rb8 26. g5 f5 27. gxh6 f4 28.
hxg7+ Rxg7 29. Rxg7 Kxg7 30. Rg1+ Kh8 31. Bxc5 dxc5 32. Nd1 Qf8 33. Nf2 Qh6 34.
Nd3 Bd6 35. Qg2 b6 36. Qg5 Qxg5 37. Rxg5 Re8 38. Kd2 Re7 39. Kc3 Be8 40. b4
axb4+ 41. axb4 Rg7 42. bxc5 bxc5 43. Kd2 1/2-1/2